Welcome to the Holygrace Academy Library

Please use search bar below to get started

G- FORCE (Record no. 5930)

MARC details
000 -LEADER
fixed length control field 00285nam a22001337a 4500
020 ## - INTERNATIONAL STANDARD BOOK NUMBER
ISBN 978-93-80283-82-1
082 ## - DEWEY DECIMAL CLASSIFICATION NUMBER
Classification number 823
Item number PON/G
100 ## - MAIN ENTRY--AUTHOR NAME
Personal name PONTI, JAMES
245 ## - TITLE STATEMENT
Title G- FORCE
260 ## - PUBLICATION, DISTRIBUTION, ETC. (IMPRINT)
Place of publication CHENNAI
Name of publisher WESTLAND LTD
Year of publication 2009
300 ## - PHYSICAL DESCRIPTION
Number of Pages 142
650 ## - SUBJECT ADDED ENTRY--TOPICAL TERM
Topical Term STORY BOOK
Geographic subdivision INDIA
942 ## - ADDED ENTRY ELEMENTS (KOHA)
Koha item type Books
Holdings
Withdrawn status Lost status Collection code Home library Current library Shelving location Date acquired Source of acquisition Cost, normal purchase price Full call number Accession Number Koha item type
    Fiction Main Library Main Library SHELF 15 H-HARRY POTTER(CHARACTERISATION),WIMPY KID,DORK DIARIES 14/03/2014 purchase 150.00 823 PON/G 07927 Books
    Fiction Main Library Main Library SHELF 15 H-HARRY POTTER(CHARACTERISATION),WIMPY KID,DORK DIARIES 03/10/2015 purchase 150.00 823 PON/G 09428 Books